|
|
|
|
| LEADER |
00772nab a2200181 i 4500 |
| 001 |
acta56623 |
| 005 |
20260224081030.0 |
| 008 |
190121s2013 hu o 000 hun d |
| 022 |
|
|
|a 1787-4637
|
| 040 |
|
|
|a SZTE Egyetemi Kiadványok Repozitórium
|b hun
|
| 041 |
|
|
|a hun
|
| 100 |
1 |
|
|a Iváncsics Bernát
|
| 245 |
1 |
0 |
|a Plotting the kill and killing the plot
|h [elektronikus dokumentum] :
|b levels of reading in Nabokov's Pale fire /
|c Iváncsics Bernát
|
| 260 |
|
|
|c 2013
|
| 490 |
0 |
|
|a Americana : E-Journal of American Studies in Hungary
|v 9 No. 1
|
| 695 |
|
|
|a Amerikai irodalom - regény - könyvismertetés, Regényelemzés - amerikai
|
| 700 |
0 |
1 |
|a Nabokov Vladimir Vladimirovič
|
| 856 |
4 |
0 |
|u http://acta.bibl.u-szeged.hu/56623/2/americana_009_001_008/ivancsics.html
|z Dokumentum-elérés
|